000 00557nam a2200205Ia 4500
003 GCL
008 140319s9999 xx 000 0 eng d
040 _aGCL /
_cGCL
082 0 4 _aCC
_b332
_bE E
100 1 _aEL SAYED, SALAH
245 1 0 _aEGYPT STRATEGIES FOR INVESTMENT /
_cEL SAYED, SALAH
260 _a[S.N] :
_bTHE AMERICAN UNIVERSITY IN CAIRO PRESS ،
_c1977
300 _a223 P
650 0 4 _aFINANCIAL ECONOMICS
650 0 4 _aEGYPT
650 0 4 _aBROKERAGE FIRMS
650 0 4 _aFORMS OF INVESTEMENT
650 0 4 _aINVESTMENTS
942 _2ddc
_cBK
999 _c11703
_d11703